000 00906nam a2200265 i 4500
001 28686
003 ES-MaACL
005 20230906153918.0
007 t|
008 030117s1972 sp ||||1| spa d
100 1 _aBalogh, Thomas.
_925100
245 1 3 _aLa economía de la pobreza /
_cThomas S. Balogh : [traducción de Pedro Puig y Juan R. Cuadrado ; presentación de Raul Prebisch].
250 _a1ª ed.
260 _a[Barcelona :
_bVicens-Vives,
_c1972]
300 _aXXV, 271 p. ;
_c21 cm.
490 1 _aColección Thot de Economía ;
_v1
650 4 _aAyuda económica.
_9137664
650 0 4 _aPaíses en desarrollo-
_xSituación económica.
_9169541
700 1 _aPuig, Pedro.
_994241
700 1 _aCuadrado, Juan R.
_941887
700 1 _aPrebisch, Raúl.
_993728
830 0 _aColección Thot de Economía ;
_v1
_9187181
852 _aES-MaACL
_jC-56294
_bR.89139
999 _c28686
_d28686